103 Babynamen der Woche 21/26' - Statistiken

Allgemein
  • Dieses Quiz wurde 3 mal gespielt
  • Das Durchschnittsergebnis liegt bei 51 aus 103
Antwortstatistiken
📍 Vorname % Korrekt
Ad..a.o ♂️ Adriano
100%
A.i.a ♀️ Alina
100%
B.u.o ♂️ Bruno
100%
C.a.a ♀️ Clara
100%
Cl.a ♀️ Clea
100%
De.v.d ♂️ Deivid
100%
Di.n ♂️ Dion
100%
El.a ♀️ Ella
100%
Em.l.e ♀️ Emilie
100%
Em.a ♀️ Emma
100%
En.a ♀️ Enna
100%
F.e ♀️ Fee
100%
Fi..i.n ♂️ Finnian
100%
F.o.a ♀️ Fiona
100%
G.e.a ♀️ Greta
100%
H.n.o ♂️ Hanno
100%
Ha.s ♂️ Hans
100%
He.n.r ♂️ Heiner
100%
H.l.a ♀️ Hilda
100%
Is.b.l.a ♀️ Isabella
100%
I.y ♀️ Ivy
100%
Ja.m.n ♀️ Jasmin
100%
J.s.s ♂️ Jesus
100%
J.l.a ♀️ Julia
100%
Jü.g.n ♂️ Jürgen
100%
Ka.l ♂️ Karl
100%
K.v.n ♂️ Kavin
100%
K.t.y ♀️ Kitty
100%
L.l.y ♀️ Lilly
100%
L.n.s ♂️ Linus
100%
Li.a ♀️ Liza
100%
Lu.a ♀️ Luna
100%
A.e.a ♀️ Alena
50%
A.t.n ♂️ Anton
50%
A.w.n ♀️ Arwen
50%
A.g..t.n ♂️ Augustin
50%
Be.t.i.e ♀️ Beatrice
50%
Bi.g.t ♀️ Birgit
50%
C.l.a ♀️ Celia
50%
D.l.a ♀️ Delia
50%
E.l.e ♀️ Ellie
50%
E.i.a ♀️ Emina
50%
Ev..g.l..e ♀️ Evangeline
50%
Fl.r..t..e ♀️ Florentine
50%
F.e.a ♀️ Freya
50%
J.t.e ♀️ Jette
50%
J.l.n.a ♀️ Jolanda
50%
J.s.e ♀️ Josie
50%
J.a.o ♂️ Juano
50%
Le.a ♀️ Leia
50%
Le.k.d.a ♀️ Leokadia
50%
L.s.i ♀️ Lissi
50%
L.v.a ♀️ Livia
50%
L.g.n ♂️ Logan
50%
Lo.t.e ♀️ Lottje
50%
Lu.a ♀️ | ♂️ Luca
50%
L.i.a ♀️ Luisa
50%
M.l.a ♀️ Malia
50%
M.l.u ♀️ Malou
50%
Ma.t.a ♀️ Martha
50%
M.d..a ♀️ Medina
50%
M.l..y ♀️ Melody
50%
Mi.a ♀️ Mila
50%
N.h.m.a ♀️ Nehemia
50%
N.l.o ♂️ Nelio
50%
Op..l.a ♀️ Ophelia
50%
Sv.n ♂️ Sven
50%
Th.o ♂️ Theo
50%
V.l..t.n ♂️ Valentin
50%
Ab..e..e ♀️ Abrielle
0%
Am.d..a ♀️ Amidala
0%
Ay.n.a ♀️ Ayanna
0%
B.n..a ♂️ Benaja
0%
B.n.e ♂️ Bente
0%
B.t..h.m ♀️ Betelhem
0%
B.a.a ♂️ Braga
0%
Ch..m..a ♀️ Chiamaka
0%
C.n.r ♂️ Cinar
0%
D.l.p ♂️ Dalip
0%
E.o.a ♀️ Edona
0%
E.z..a ♀️ Egzona
0%
El.i.e ♀️ Eloise
0%
Et.y..n ♂️ Ethyeen
0%
E.l.l.a ♀️ Eulalia
0%
F.k.e ♂️ Fokke
0%
K.b.e ♂️ Kobie
0%
L.t.s.a ♀️ Latisha
0%
Lo.m.n ♂️ Lokman
0%
M.s.a ♀️ Masha
0%
M.m..a ♀️ Momina
0%
N.i.a ♀️ Noira
0%
P.r.a ♀️ Parla
0%
Pa.l..n ♀️ Paulien
0%
P.k.i ♂️ Pukki
0%
R.c.a ♀️ Rocca
0%
Sh..e..e ♀️ Shayenne
0%
Th..d.s ♀️ Thordis
0%
W.e.e ♀️ Wieke
0%
Wi.f..e.e ♀️ Wilfriede
0%
W.l.e ♀️ Wolke
0%
Y.n.o ♂️ Yanto
0%
Z.l.a ♀️ Zelda
0%
Keine übereinstimmenden Quizze gefunden
Verteilung der Resultate
Anzahl Personen mit jedem Resultat
Perzentil nach korrekt beantworteten Fragen
Ihre Resultats-Entwicklung
Sie haben dieses Quiz noch nicht gespielt